ا د ب ا طفا ل کے چند گو شے (Record no. 185174)

MARC details
000 -LEADER
fixed length control field 00696nam a22001937a 4500
005 - DATE AND TIME OF LATEST TRANSACTION
control field 20220131102117.0
010 ## - LCCN (DPL NO)
LC control number UR-11416
020 ## - INTERNATIONAL STANDARD BOOK NUMBER
Terms of availability 350.00
International Standard Book Number 9789390789030
035 ## - SYSTEM CONTROL NUMBER
System control number U-9971
037 ## - SOURCE OF ACQUISITION
Source of stock number/acquisition DBAD/PUB
Stock number dpl
082 ## - DEWEY DECIMAL CLASSIFICATION NUMBER
Classification number 840.8
100 ## - MAIN ENTRY--PERSONAL NAME
Personal name ا سر ا ر ا لحق سبيلی
245 ## - TITLE STATEMENT
Title ا د ب ا طفا ل کے چند گو شے
Statement of responsibility, etc ا سر ا ر ا لحق سبيلی
246 ## - VARYING FORM OF TITLE
Remainder of title Adab -e-Atfal Ke Chand Goshe (Urdu)
Title proper/short title by Asrarul Haque Sabeeli
260 ## - PUBLICATION, DISTRIBUTION, ETC. (IMPRINT)
Place of publication, distribution, etc Delhi
Name of publisher, distributor, etc Educational Publishing House
Date of publication, distribution, etc 2021 ء
270 ## - ADDRESS
Address 3191,Vakil Street,Kucha Pandit,Lal Kuan,
City Delhi
Postal code 110006
Telephone number 23216162
Fax number -
300 ## - PHYSICAL DESCRIPTION
Extent 320 ص
Dimensions 22 Cm(Hb)
942 ## - ADDED ENTRY ELEMENTS (KOHA)
Source of classification or shelving scheme Dewey Decimal Classification
Item type Urdu Bks
Classification part 840.8
Call number suffix ا س ر
Holdings
Withdrawn status Lost status Not for loan Collection code Home library Current library Date acquired Source of acquisition Cost, normal purchase price Full call number Barcode Copy number Cost, replacement price Koha item type
    Not For Loan Non-fiction D.B.Act.Division Central Library 31/01/2022 DBAD/PUB 350.00 840.8 ا س ر U-9971 1 350.00 Urdu Bks

© Delhi Public Library
Hit Counter
free hit counter